The public service in Canada and India (Record no. 515669)

000 -LEADER
fixed length control field 00263nam a22000977a 4500
082 ## - DEWEY DECIMAL CLASSIFICATION NUMBER
Classification number TNC K12x71 D968
100 ## - MAIN ENTRY--PERSONAL NAME
Personal name Dwivedi, O. P.
9 (RLIN) 21391
245 ## - TITLE STATEMENT
Title The public service in Canada and India
Statement of responsibility, etc by O. P. Dwivedi
260 ## - PUBLICATION, DISTRIBUTION, ETC. (IMPRINT)
Place of publication, distribution, etc New Delhi
Name of publisher, distributor, etc Jawahar
Date of publication, distribution, etc 1995
300 ## - PHYSICAL DESCRIPTION
Extent 289p.
Holdings
Withdrawn status Lost status Source of classification or shelving scheme Damaged status Koha normalized classification for sorting Not for loan Permanent location Current location Date acquired Full call number Barcode Date last seen Price effective from Koha item type
        TNC_K12X71_D968   Indian Institute of Public Administration Indian Institute of Public Administration 2021-02-03 TNC K12x71 D968 GR22539 2021-02-03 2021-02-03 GR

Powered by Koha